[Event "RUS-chT Regions"]
[Site "Tula"]
[Date "2009.11.??"]
[Round "6"]
[White "Novikov, Maxim"]
[Black "Shovunov, Baatr"]
[Result "1/2-1/2"]
[WhiteElo "2511"]
[BlackElo "2309"]
[PlyCount "89"]
[EventDate "2009.11.??"]
[EventType "team-tourn"]
[EventRounds "9"]
[EventCountry "RUS"]
[SourceTitle "EXT 2011"]
[Source "ChessBase"]
[SourceDate "2010.11.26"]
[SourceVersion "1"]
[SourceVersionDate "2010.11.26"]
[SourceQuality "1"]

1. e4 c5 2. Nf3 Nc6 3. Bb5 e6 4. 0-0 Nge7 5. d4 cxd4 6. Nxd4 a6 7. Bxc6 Nxc6 8. c4 Qc7 9. Be3 Bd6 10. Nxc6 Qxc6 11. Nc3 0-0 12. Rc1 f5 13. c5 Be5 14. f4 Bc7 15. Qd4 Rb8 16. exf5 Rxf5 17. Qe4 b5 18. Qxc6 dxc6 19. g4 Rf7 20. Ne4 Bd7 21. Nd6 Bxd6 22. cxd6 Rbf8 23. Rf2 h5 24. h3 hxg4 25. hxg4 e5 26. f5 g6 27. Rc5 Re8 28. b4 gxf5 29. gxf5 Rg7+ 30. Kf1 Kf7 31. Bd2 Rg3 32. Bc3 Kf6 33. Ke2 Rh3 34. a3 Rh4 35. Kd2 Rc4 36. Rxc4 bxc4 37. Rf4 Rh8 38. Rxc4 Rh2+ 39. Kc1 Rh1+ 40. Kd2 Rh2+ 41. Ke1 Rh1+ 42. Kf2 Rh5 43. Ke3 Kxf5 44. Rc5 Ke6 45. Ke4 1/2-1/2

[Event "RUS-chT Regions"]
[Site "Tula"]
[Date "2009.11.??"]
[Round "2"]
[White "Pushin, Vladimir"]
[Black "Shovunov, Baatr"]
[Result "1-0"]
[WhiteElo "2338"]
[BlackElo "2309"]
[PlyCount "77"]
[EventDate "2009.11.??"]
[EventType "team-tourn"]
[EventRounds "9"]
[EventCountry "RUS"]
[SourceTitle "EXT 2011"]
[Source "ChessBase"]
[SourceDate "2010.11.26"]
[SourceVersion "1"]
[SourceVersionDate "2010.11.26"]
[SourceQuality "1"]

1. c4 f5 2. Nc3 Nf6 3. g3 g6 4. Bg2 Bg7 5. e3 0-0 6. Nge2 d6 7. 0-0 c6 8. d3 a5 9. a3 Na6 10. Rb1 Bd7 11. b4 axb4 12. axb4 Qc8 13. Na4 Rb8 14. c5 d5 15. Bb2 Qe8 16. Be5 Rd8 17. d4 Ng4 18. b5 cxb5 19. Bxd5+ e6 20. Bxg7 exd5 21. Bxf8 bxa4 22. Bd6 Bc6 23. Bf4 Rc8 24. Nc3 Nc7 25. e4 g5 26. Bxg5 Qg6 27. h4 h6 28. exf5 Qxf5 29. f3 Nf6 30. Bxf6 Qxf6 31. Nxa4 Kh8 32. Nc3 Rg8 33. Kh2 Ne6 34. Ne2 Ng7 35. Qd2 Nh5 36. Rg1 Rg6 37. Nf4 Rxg3 38. Rxg3 Nxf4 39. Rg4 1-0

[Event "Elista-ch 7th"]
[Site "Elista"]
[Date "2009.07.05"]
[Round "3"]
[White "Shovunov, Baatr"]
[Black "Wagner, Dinara"]
[Result "1-0"]
[WhiteElo "2309"]
[BlackElo "2058"]
[PlyCount "59"]
[EventDate "2009.07.03"]
[EventType "tourn"]
[EventRounds "9"]
[EventCountry "RUS"]
[SourceTitle "EXT 2022"]
[Source "ChessBase"]
[SourceDate "2021.10.06"]
[SourceVersion "1"]
[SourceVersionDate "2021.10.06"]
[SourceQuality "1"]

1. e4 e5 2. Nf3 Nc6 3. d4 exd4 4. Nxd4 Bc5 5. Nxc6 Qf6 6. Qd2 Qxc6 7. Nc3 Nf6 8. Bb5 Qe6 9. Qd3 c6 10. Ba4 Ng4 11. 0-0 Qe5 12. Qg3 Qxg3 13. hxg3 h5 14. Bb3 a5 15. Na4 Ba7 16. c4 d6 17. Bf4 Ke7 18. Rad1 Ne5 19. c5 f6 20. cxd6+ Kd7 21. Be3 b5 22. Nc5+ Bxc5 23. Bxc5 a4 24. Bc2 Ba6 25. f4 Nc4 26. b3 axb3 27. axb3 Na5 28. e5 fxe5 29. Bf5+ Kd8 30. Bb6+ 1-0

[Event "Komsomolsky"]
[Site "Komsomolsky"]
[Date "2009.05.15"]
[Round "5"]
[White "Barsegian, Ararat"]
[Black "Shovunov, Baatr"]
[Result "0-1"]
[WhiteElo "2210"]
[BlackElo "2306"]
[PlyCount "73"]
[EventDate "2009.05.15"]
[EventType "tourn"]
[EventRounds "9"]
[EventCountry "RUS"]
[SourceTitle "EXT 2022"]
[Source "ChessBase"]
[SourceDate "2021.10.06"]
[SourceVersion "1"]
[SourceVersionDate "2021.10.06"]
[SourceQuality "1"]

1. e4 c5 2. Nf3 Nc6 3. Bb5 e6 4. Bxc6 bxc6 5. d3 Ne7 6. 0-0 Ng6 7. Be3 e5 8. c3 d6 9. d4 cxd4 10. cxd4 Qa5 11. Nbd2 Be7 12. Qc2 Bd7 13. Nc4 Qc7 14. h3 0-0 15. Rfd1 f6 16. dxe5 fxe5 17. Qe2 h6 18. Rac1 Rf6 19. Rc3 Raf8 20. Bc1 Be6 21. a3 Kh8 22. b4 Qc8 23. Nxd6 Bxd6 24. Rxd6 Bxh3 25. Rxf6 Rxf6 26. Nh4 Bg4 27. Nxg6+ Rxg6 28. Qe3 Kh7 29. Rd3 Qe6 30. Rc3 Qd7 31. Rd3 Qf7 32. Bb2 Rg5 33. Kh2 Qh5+ 34. Kg1 Qg6 35. Kf1 Be6 36. g3 Bc4 37. Ke1 0-1

[Event "Komsomolsky"]
[Site "Komsomolsky"]
[Date "2009.05.15"]
[Round "3"]
[White "Pivovartsev, Stanislav"]
[Black "Shovunov, Baatr"]
[Result "0-1"]
[WhiteElo "2208"]
[BlackElo "2306"]
[PlyCount "96"]
[EventDate "2009.05.15"]
[EventType "tourn"]
[EventRounds "9"]
[EventCountry "RUS"]
[SourceTitle "EXT 2022"]
[Source "ChessBase"]
[SourceDate "2021.10.06"]
[SourceVersion "1"]
[SourceVersionDate "2021.10.06"]
[SourceQuality "1"]

1. e4 c5 2. Nf3 Nc6 3. d4 cxd4 4. Nxd4 Qc7 5. Be2 Nf6 6. Nc3 e6 7. 0-0 a6 8. Be3 Bb4 9. Bd3 Nxd4 10. Bxd4 Bc5 11. Bxc5 Qxc5 12. Qe2 d6 13. Kh1 b5 14. f4 b4 15. Na4 Qa5 16. b3 Nd7 17. a3 Bb7 18. Nb2 bxa3 19. Nc4 Qc7 20. Rxa3 0-0 21. Na5 Bc8 22. b4 e5 23. f5 Nf6 24. g4 h6 25. h4 Rb8 26. g5 hxg5 27. hxg5 Nh7 28. g6 Nf6 29. Bc4 d5 30. exd5 Rxb4 31. Nc6 Rxc4 32. Qxc4 Qd6 33. gxf7+ Rxf7 34. Rh3 Bb7 35. Qh4 Qxd5+ 36. Kh2 Rd7 37. Qh8+ Kf7 38. Rg3 Ne8 39. f6 Qd2+ 40. Rg2 Qxg2+ 41. Kxg2 Bxc6+ 42. Kh3 Nxf6 43. Qh5+ Kf8 44. Qxe5 Bb5 45. Rf4 Re7 46. Qd6 Kf7 47. c4 Bd7+ 48. Qxd7 Rxd7 0-1

[Event "Kalmykia-ch"]
[Site "Elista"]
[Date "2008.12.19"]
[Round "9"]
[White "Olenina, Aysa"]
[Black "Shovunov, Baatr"]
[Result "0-1"]
[WhiteElo "1949"]
[BlackElo "2311"]
[PlyCount "74"]
[EventDate "2008.12.12"]
[EventType "tourn"]
[EventRounds "9"]
[EventCountry "RUS"]
[SourceTitle "EXT 2022"]
[Source "ChessBase"]
[SourceDate "2021.10.06"]
[SourceVersion "1"]
[SourceVersionDate "2021.10.06"]
[SourceQuality "1"]

1. e4 c5 2. Nf3 Nc6 3. d4 cxd4 4. Nxd4 Qc7 5. Nc3 e6 6. Be2 a6 7. 0-0 Bc5 8. Nb3 Be7 9. Be3 Nf6 10. f4 d6 11. Kh1 b5 12. a3 Bb7 13. Bf3 0-0 14. Qe1 Rac8 15. Qg3 b4 16. axb4 Nxb4 17. Rac1 a5 18. Nd4 Qb8 19. f5 exf5 20. Ndb5 Kh8 21. Ba7 Qa8 22. Rfe1 Rc4 23. Qf2 Rfc8 24. Na3 Rxc3 25. bxc3 Na2 26. Ra1 Nxc3 27. Bb6 Nfxe4 28. Bxe4 Nxe4 29. Qe2 Nc3 30. Qf2 a4 31. Nb1 Ne4 32. Qe2 d5 33. c3 Bf6 34. Qc2 Rc4 35. Qb2 Qc8 36. Bg1 Bh4 37. Re2 Qc7 0-1

[Event "Elista Chess City op 10th"]
[Site "Elista"]
[Date "2008.09.19"]
[Round "5"]
[White "Shovunov, Baatr"]
[Black "Litvak, Mikhail"]
[Result "1/2-1/2"]
[WhiteElo "2315"]
[BlackElo "2277"]
[PlyCount "41"]
[EventDate "2008.09.16"]
[EventType "swiss"]
[EventRounds "9"]
[EventCountry "RUS"]
[SourceTitle "CBM 126 Extra"]
[Source "ChessBase"]
[SourceDate "2008.11.05"]
[SourceVersion "1"]
[SourceVersionDate "2008.11.05"]
[SourceQuality "1"]

1. d4 d5 2. c4 c6 3. Nc3 Nf6 4. Nf3 e6 5. Bg5 dxc4 6. e4 b5 7. e5 h6 8. Bh4 g5 9. exf6 gxh4 10. Ne5 Qxf6 11. Be2 h3 12. g3 Nd7 13. f4 Nxe5 14. dxe5 Qd8 15. Qxd8+ Kxd8 16. Bf3 Bb7 17. Nxb5 cxb5 18. Bxb7 Rb8 19. 0-0-0+ Kc7 20. Bf3 h5 21. Kc2 1/2-1/2

[Event "Elista Chess City op 10th"]
[Site "Elista"]
[Date "2008.09.18"]
[Round "4"]
[White "Shovunov, Baatr"]
[Black "Kiripov, Mergen"]
[Result "1-0"]
[WhiteElo "2315"]
[BlackElo "1989"]
[PlyCount "111"]
[EventDate "2008.09.16"]
[EventType "swiss"]
[EventRounds "9"]
[EventCountry "RUS"]
[SourceTitle "CBM 126 Extra"]
[Source "ChessBase"]
[SourceDate "2008.11.05"]
[SourceVersion "1"]
[SourceVersionDate "2008.11.05"]
[SourceQuality "1"]

1. e4 e5 2. Nf3 Nc6 3. d4 exd4 4. Nxd4 Qh4 5. Nb5 Bc5 6. Qe2 Qd8 7. Qh5 d6 8. Bc4 Ne5 9. Bg5 Ne7 10. Bb3 Bg4 11. Qh4 f6 12. Be3 Bxe3 13. fxe3 N7g6 14. Qg3 Qd7 15. N1c3 a6 16. Nd4 c5 17. Ba4 b5 18. Ndxb5 0-0 19. Na3 Qb7 20. Bb3+ Kh8 21. Rb1 Rae8 22. Nc4 Nxc4 23. Bxc4 Be6 24. Bxe6 Rxe6 25. 0-0 Rfe8 26. Rfd1 Qc6 27. Rd5 Qb6 28. Rh5 Kg8 29. Qh3 Nf8 30. Nd5 Qb7 31. Qg3 Ng6 32. Nc3 Rxe4 33. Nxe4 Qxe4 34. Re1 Re6 35. Qf2 Qc4 36. b3 Qc3 37. Rd5 Nf4 38. Rdd1 Ng6 39. Qd2 Qb2 40. c3 Qa3 41. Qd5 Nf8 42. Rd2 Qa5 43. Qc4 Kh8 44. a4 h6 45. h3 Qb6 46. Kh1 Qc6 47. Red1 a5 48. Rd3 Kh7 49. Qb5 Qc7 50. b4 axb4 51. cxb4 Nd7 52. Qc4 Re8 53. Rxd6 Nb6 54. Qc2+ f5 55. a5 Nc8 56. R6d5 1-0

[Event "Elista-ch "]
[Site "Elista"]
[Date "2008.07.27"]
[Round "8"]
[White "Nyudleev, Dolgan"]
[Black "Shovunov, Baatr"]
[Result "1/2-1/2"]
[WhiteElo "2409"]
[BlackElo "2315"]
[PlyCount "48"]
[EventDate "2008.07.21"]
[EventType "tourn"]
[EventRounds "11"]
[EventCountry "RUS"]
[SourceTitle "EXT 2022"]
[Source "ChessBase"]
[SourceDate "2021.10.06"]
[SourceVersion "1"]
[SourceVersionDate "2021.10.06"]
[SourceQuality "1"]

1. e4 e5 2. Nf3 Nc6 3. Nc3 g6 4. d4 exd4 5. Nxd4 Bg7 6. Be3 Nge7 7. Be2 0-0 8. 0-0 d6 9. Nd5 Nxd5 10. exd5 Nxd4 11. Bxd4 Qg5 12. Bxg7 Kxg7 13. Qd4+ Qf6 14. Qxf6+ Kxf6 15. f4 Bd7 16. Kf2 Rfe8 17. Rfe1 Re4 18. g3 Rae8 19. Bf3 Rxe1 20. Rxe1 Rxe1 21. Kxe1 g5 22. Kf2 gxf4 23. gxf4 Bf5 24. c3 Bb1 1/2-1/2

[Event "Krasnodar-ch"]
[Site "Krasnodar"]
[Date "2006.08.05"]
[Round "11"]
[White "Nuskhinov, Bair"]
[Black "Shovunov, Baatr"]
[Result "0-1"]
[WhiteElo "2143"]
[BlackElo "2362"]
[PlyCount "74"]
[EventDate "2006.07.28"]
[EventType "tourn"]
[EventRounds "11"]
[EventCountry "RUS"]
[SourceTitle "EXT 2008"]
[Source "ChessBase"]
[SourceDate "2007.11.25"]
[SourceVersion "1"]
[SourceVersionDate "2007.11.25"]
[SourceQuality "1"]

1. d4 Nf6 2. Nf3 g6 3. c4 c5 4. d5 b5 5. cxb5 a6 6. bxa6 Bg7 7. Nc3 Bxa6 8. g3 d6 9. Bg2 0-0 10. 0-0 Nbd7 11. Re1 Qb6 12. Rb1 Rfb8 13. e4 Ng4 14. Bg5 Kf8 15. Qd2 Nge5 16. Bh6 Bd3 17. Bxg7+ Kxg7 18. Nxe5 Nxe5 19. Rbd1 c4 20. b3 Qa5 21. bxc4 Bxc4 22. Qd4 Ba6 23. Bf1 Kg8 24. Qe3 Rc8 25. Rc1 Bxf1 26. Rxf1 Rc4 27. Ne2 Ra4 28. Rc3 Qb4 29. f3 Rxa2 30. Rfc1 Ra1 31. f4 Ng4 32. Qf3 h5 33. h3 Nf6 34. e5 Ne8 35. R3c2 Rxc1+ 36. Rxc1 Ra3 37. Qg2 Re3 0-1

[Event "Krasnodar-ch"]
[Site "Krasnodar"]
[Date "2006.07.30"]
[Round "5"]
[White "Utnasunov, Alexander"]
[Black "Shovunov, Baatr"]
[Result "1-0"]
[WhiteElo "2424"]
[BlackElo "2362"]
[PlyCount "37"]
[EventDate "2006.07.28"]
[EventType "tourn"]
[EventRounds "11"]
[EventCountry "RUS"]
[SourceTitle "EXT 2008"]
[Source "ChessBase"]
[SourceDate "2007.11.25"]
[SourceVersion "1"]
[SourceVersionDate "2007.11.25"]
[SourceQuality "1"]

1. d4 Nf6 2. c4 e6 3. Nc3 Bb4 4. f3 0-0 5. a3 Bxc3+ 6. bxc3 Ne8 7. e4 b6 8. Bd3 c5 9. d5 d6 10. f4 f5 11. Nf3 fxe4 12. Bxe4 Nf6 13. Qd3 Nxe4 14. Qxe4 Qe8 15. 0-0 exd5 16. Qxd5+ Kh8 17. Qxa8 Nc6 18. Rd1 Rf6 19. Ra2 1-0

[Event "FIDE-Wch k.o."]
[Site "Moscow"]
[Date "2001.11.27"]
[Round "1.1"]
[White "Shovunov, Baatr"]
[Black "Ivanchuk, Vassily"]
[Result "1/2-1/2"]
[WhiteElo "2353"]
[BlackElo "2731"]
[PlyCount "55"]
[EventDate "2001.11.27"]
[EventType "k.o."]
[EventRounds "7"]
[EventCountry "RUS"]
[SourceTitle "CBM 086"]
[Source "ChessBase"]
[SourceDate "2002.02.05"]
[SourceVersion "1"]
[SourceVersionDate "2002.02.05"]
[SourceQuality "1"]

1. e4 c5 2. Nf3 d6 3. d4 Nf6 4. Nc3 cxd4 5. Nxd4 g6 6. Be3 Bg7 7. f3 0-0 8. Qd2 Nc6 9. 0-0-0 d5 10. Nxc6 bxc6 11. exd5 Nxd5 12. Nxd5 cxd5 13. Qxd5 Qc7 14. Qc5 Qb7 15. Qa3 Bf5 16. Bd3 Rab8 17. b3 Rfc8 18. Bxf5 gxf5 19. Qa5 Qc6 20. c4 Qe6 21. Rd3 Rxc4+ 22. Kb1 h5 23. Rd8+ Rxd8 24. Qxd8+ Kh7 25. bxc4 Qxe3 26. Rd1 e6 27. Qd3 Qb6+ 28. Qb3 1/2-1/2

[Event "Batumi op"]
[Site "Batumi"]
[Date "2001.07.05"]
[Round "9"]
[White "Shovunov, Baatr"]
[Black "Mkrtchian, Lilit"]
[Result "1/2-1/2"]
[WhiteElo "2367"]
[BlackElo "2344"]
[PlyCount "108"]
[EventDate "2001.06.26"]
[EventType "swiss"]
[EventRounds "9"]
[EventCountry "GEO"]
[SourceTitle "EXT 2002"]
[Source "ChessBase"]
[SourceDate "2001.11.25"]
[SourceVersion "1"]
[SourceVersionDate "2001.11.25"]
[SourceQuality "1"]

1. e4 e6 2. d4 d5 3. e5 c5 4. c3 Nc6 5. Nf3 Nh6 6. a3 a5 7. Bd3 cxd4 8. cxd4 Nf5 9. Bxf5 exf5 10. Nc3 Be6 11. Qb3 Qc7 12. 0-0 h6 13. Be3 Be7 14. Ne1 a4 15. Nxa4 f4 16. Bxf4 Nxd4 17. Qd1 Qc4 18. Nc3 Nb3 19. Rb1 Bf5 20. Nf3 d4 21. Na2 0-0 22. Rc1 Nxc1 23. Nxc1 d3 24. Be3 Rfd8 25. Nb3 Rd5 26. Nfd2 Qc2 27. f4 Qxd1 28. Rxd1 Rc8 29. h3 Bd7 30. Nd4 Bc5 31. N2f3 Bxd4 32. Bxd4 Bf5 33. Bc3 h5 34. Nd4 Be4 35. Kf2 Rc4 36. Ke3 Bxg2 37. Kxd3 Rc8 38. h4 Bh3 39. Rg1 Bg4 40. Ke4 Rdc5 41. Kd3 g6 42. a4 Rc4 43. a5 Ra4 44. Ke3 Rc5 45. Rf1 Rd5 46. Rc1 Rc4 47. Ra1 Bc8 48. Ra3 Kf8 49. Rb3 Ra4 50. Nb5 Be6 51. Bb4+ Kg8 52. Nc3 Rdxa5 53. Bxa5 Bxb3 54. Nxa4 Bxa4 1/2-1/2

[Event "Batumi op"]
[Site "Batumi"]
[Date "2001.07.04"]
[Round "8"]
[White "Hasanov, Asif Zahid Oglu"]
[Black "Shovunov, Baatr"]
[Result "1/2-1/2"]
[WhiteElo "2279"]
[BlackElo "2367"]
[PlyCount "115"]
[EventDate "2001.06.26"]
[EventType "swiss"]
[EventRounds "9"]
[EventCountry "GEO"]
[SourceTitle "EXT 2002"]
[Source "ChessBase"]
[SourceDate "2001.11.25"]
[SourceVersion "1"]
[SourceVersionDate "2001.11.25"]
[SourceQuality "1"]

1. e4 c5 2. Nf3 e6 3. d4 cxd4 4. Nxd4 Nf6 5. Nc3 Nc6 6. Ndb5 d6 7. Bf4 e5 8. Bg5 a6 9. Na3 b5 10. Nd5 Be7 11. Bxf6 Bxf6 12. c3 0-0 13. Nc2 Bg5 14. Nce3 Rb8 15. Be2 Be6 16. 0-0 Kh8 17. a4 bxa4 18. Qxa4 Rxb2 19. Qxc6 Rxe2 20. Rxa6 Rd2 21. Nc4 Rc2 22. Nxd6 Bd2 23. Qa4 Rxc3 24. Nxc3 Bxc3 25. Rb1 Bd4 26. Qc6 h5 27. Nb5 Bd7 28. Qd6 Bxb5 29. Qxd8 Rxd8 30. Rxb5 Rc8 31. Rb1 Rc2 32. Rf1 Re2 33. g3 Rxe4 34. Ra2 Rg4 35. Kg2 Rg6 36. Re2 Rb6 37. f4 f6 38. fxe5 Bxe5 39. Rf5 g6 40. Rf1 Kg7 41. Rd1 g5 42. Rd7+ Kg6 43. Rd8 Rb4 44. Rg8+ Kh7 45. Re8 Rb5 46. Re7+ Kg6 47. Re8 Bd4 48. Rd2 Bc3 49. Rc2 Be5 50. Re2 Bb8 51. Rg8+ Kh7 52. Rge8 Kg6 53. Rg8+ Kf7 54. Rh8 g4 55. Rf2 Kg7 56. Rd8 f5 57. Rxb8 Rxb8 58. Rxf5 1/2-1/2

[Event "Batumi op"]
[Site "Batumi"]
[Date "2001.06.30"]
[Round "5"]
[White "Shovunov, Baatr"]
[Black "Sturua, Zurab"]
[Result "0-1"]
[WhiteElo "2367"]
[BlackElo "2600"]
[PlyCount "62"]
[EventDate "2001.06.26"]
[EventType "swiss"]
[EventRounds "9"]
[EventCountry "GEO"]
[SourceTitle "EXT 2002"]
[Source "ChessBase"]
[SourceDate "2001.11.25"]
[SourceVersion "1"]
[SourceVersionDate "2001.11.25"]
[SourceQuality "1"]

1. e4 g6 2. d4 Bg7 3. Nc3 d6 4. Be3 a6 5. a4 Nc6 6. h3 Nf6 7. g3 0-0 8. Bg2 e5 9. Nge2 Bd7 10. 0-0 Re8 11. d5 Ne7 12. a5 c6 13. Na4 cxd5 14. Nb6 Nxe4 15. Nxa8 Qxa8 16. c4 Bc6 17. Bxe4 dxe4 18. Nc3 Qc8 19. Kh2 Qe6 20. h4 f5 21. Bg5 f4 22. Bxe7 Rxe7 23. Nd5 Rf7 24. Nb6 Bf6 25. Rh1 e3 26. Nd5 exf2 27. gxf4 Bxh4 28. Qf3 Rxf4 29. Nxf4 Qf5 30. Qd3 Qxf4+ 31. Kh3 Be7 0-1

[Event "RUS-ch 54th"]
[Site "Elista"]
[Date "2001.05.03"]
[Round "4"]
[White "Korobov, Ilya"]
[Black "Shovunov, Baatr"]
[Result "1-0"]
[WhiteElo "2347"]
[BlackElo "2367"]
[PlyCount "73"]
[EventDate "2001.04.29"]
[EventType "swiss"]
[EventRounds "9"]
[EventCountry "RUS"]
[SourceTitle "CBM 083"]
[Source "ChessBase"]
[SourceDate "2001.07.05"]
[SourceVersion "1"]
[SourceVersionDate "2001.07.05"]
[SourceQuality "1"]

1. d4 d5 2. c4 c6 3. e3 e6 4. Nc3 f5 5. f4 Nf6 6. Nf3 Be7 7. Be2 0-0 8. 0-0 Kh8 9. a3 a5 10. Rb1 Ne4 11. Nxe4 fxe4 12. Ne5 c5 13. dxc5 Bxc5 14. b4 axb4 15. axb4 Be7 16. Bb2 Nc6 17. c5 Bf6 18. b5 Nxe5 19. fxe5 Be7 20. Bd4 Rxf1+ 21. Bxf1 Bd7 22. Rc1 Qe8 23. Qb3 h6 24. Be2 Ra5 25. c6 bxc6 26. bxc6 Bxc6 27. Qb6 Ra2 28. Qxc6 Qxc6 29. Rxc6 Rxe2 30. Rxe6 Bh4 31. g3 Bg5 32. Re8+ Kh7 33. e6 Kg6 34. h4 Bf6 35. Rf8 Be7 36. Rf7 Bd6 37. g4 1-0

[Event "RUS-ch 54th"]
[Site "Elista"]
[Date "2001.05.01"]
[Round "2"]
[White "Iljushin, Alexei"]
[Black "Shovunov, Baatr"]
[Result "1-0"]
[WhiteElo "2536"]
[BlackElo "2367"]
[PlyCount "65"]
[EventDate "2001.04.29"]
[EventType "swiss"]
[EventRounds "9"]
[EventCountry "RUS"]
[SourceTitle "CBM 083"]
[Source "ChessBase"]
[SourceDate "2001.07.05"]
[SourceVersion "1"]
[SourceVersionDate "2001.07.05"]
[SourceQuality "1"]

1. d4 Nf6 2. c4 c5 3. d5 b5 4. cxb5 a6 5. b6 e6 6. Nc3 Nxd5 7. Nxd5 exd5 8. Qxd5 Nc6 9. Nf3 Rb8 10. e4 Be7 11. Bc4 0-0 12. Bd2 Nd4 13. Nxd4 Bb7 14. Qf5 cxd4 15. 0-0 g6 16. Qf3 Bf6 17. Ba5 Re8 18. Bd5 Re5 19. Rac1 Qe7 20. Qb3 Kg7 21. Bb4 Qd8 22. Bc5 Rh5 23. Bxb7 Rxb7 24. Qd3 Kg8 25. Qxa6 Qb8 26. f4 d6 27. Bxd6 Qxd6 28. Qxb7 d3 29. e5 Qd4+ 30. Kh1 d2 31. exf6 Qxf6 32. Qc8+ Kg7 33. Rcd1 1-0

[Event "RUS-ch sf"]
[Site "Krasnodar"]
[Date "2001.??.??"]
[Round "?"]
[White "Bondarev, Boris"]
[Black "Shovunov, Baatr"]
[Result "0-1"]
[WhiteElo "2145"]
[BlackElo "2367"]
[PlyCount "80"]
[EventDate "2001.??.??"]
[EventType "swiss"]
[EventRounds "9"]
[EventCountry "RUS"]
[SourceTitle "EXT 2002"]
[Source "ChessBase"]
[SourceDate "2001.11.25"]
[SourceVersion "1"]
[SourceVersionDate "2001.11.25"]
[SourceQuality "1"]

1. e4 c5 2. c3 Nf6 3. e5 Nd5 4. d4 cxd4 5. cxd4 d6 6. Nf3 Nc6 7. Be2 e6 8. 0-0 Be7 9. Nbd2 dxe5 10. dxe5 Qc7 11. Re1 0-0 12. Bc4 Rd8 13. Qe2 Na5 14. Bxd5 Rxd5 15. a3 Bd7 16. b4 Bb5 17. Qe4 Nc6 18. Bb2 a5 19. Rec1 Qd8 20. Bc3 axb4 21. axb4 Rxa1 22. Rxa1 Qf8 23. h4 h6 24. g4 Ba6 25. Ra4 Bb5 26. Ra1 Nxb4 27. Nb3 Bc6 28. Qb1 Rd8 29. Nbd4 Bd5 30. g5 Nc6 31. Qc1 Nxd4 32. Nxd4 hxg5 33. hxg5 Rc8 34. Nb5 Qd8 35. g6 fxg6 36. Qe3 Bc5 37. Qg3 Qb6 38. Rb1 Rf8 39. Rb2 Rf3 40. Qxg6 Bxf2+ 0-1

[Event "RUS-ch sf"]
[Site "Krasnodar"]
[Date "2001.??.??"]
[Round "?"]
[White "Kolesnikov, Alexey"]
[Black "Shovunov, Baatr"]
[Result "1-0"]
[WhiteElo "2261"]
[BlackElo "2367"]
[PlyCount "91"]
[EventDate "2001.??.??"]
[EventType "swiss"]
[EventRounds "9"]
[EventCountry "RUS"]
[SourceTitle "EXT 2002"]
[Source "ChessBase"]
[SourceDate "2001.11.25"]
[SourceVersion "1"]
[SourceVersionDate "2001.11.25"]
[SourceQuality "1"]

1. d4 Nf6 2. Nf3 g6 3. c4 Bg7 4. Nc3 d5 5. e3 0-0 6. b4 c6 7. Qb3 dxc4 8. Bxc4 b5 9. Be2 a5 10. bxa5 Be6 11. Qb2 Qxa5 12. 0-0 b4 13. Nb1 c5 14. Nbd2 Nc6 15. Qc2 Rfc8 16. dxc5 Nd7 17. Bb2 Bxb2 18. Qxb2 Nxc5 19. Nb3 Na4 20. Nxa5 Nxb2 21. Nxc6 Rxc6 22. Nd4 Rb6 23. Nxe6 fxe6 24. Rfc1 Ra3 25. Rc2 Na4 26. Rd1 Nc3 27. Rd8+ Kf7 28. Bc4 b3 29. axb3 Ra1+ 30. Bf1 Rxb3 31. g3 Ne4 32. Rc4 Ng5 33. Kg2 Rbb1 34. h4 Rxf1 35. Rf4+ Kg7 36. hxg5 Rg1+ 37. Kf3 Ra5 38. Rd7 Rxg5 39. Rxe7+ Kg8 40. Rxe6 Rb1 41. Re8+ Kg7 42. Re7+ Kg8 43. Rff7 h5 44. Rg7+ Kf8 45. Ref7+ Ke8 46. Rf6 1-0